Derecho civil : (Registro nro. 7377)
[ vista simple ]
| 000 -LEADER | |
|---|---|
| fixed length control field | 00644nam a22002057a 4500 |
| 003 - CONTROL NUMBER IDENTIFIER | |
| control field | OSt |
| 005 - DATE AND TIME OF LATEST TRANSACTION | |
| control field | 20210301102758.0 |
| 008 - FIXED-LENGTH DATA ELEMENTS--GENERAL INFORMATION | |
| fixed length control field | 210301s1990 cl ||||gr|||| 00| 0 spa d |
| 040 ## - CATALOGING SOURCE | |
| Original cataloging agency | CO-JMCR |
| Transcribing agency | CO-JMCR |
| 041 0# - LANGUAGE CODE | |
| Language code of text/sound track or separate title | spa |
| 082 04 - DEWEY DECIMAL CLASSIFICATION NUMBER | |
| Edition number | 23 |
| Classification number | 346 / |
| Item number | A371d |
| 100 1# - MAIN ENTRY--PERSONAL NAME | |
| Personal name | Alessandri Rodríguez, Arturo, |
| Relator term | autor |
| 9 (RLIN) | 13984 |
| 245 1# - TITLE STATEMENT | |
| Title | Derecho civil : |
| Remainder of title | teorías de las obligaciones / |
| Statement of responsibility, etc. | Arturo Alessandri Rodríguez |
| 260 ## - PUBLICATION, DISTRIBUTION, ETC. | |
| Place of publication, distribution, etc. | Santiago de Chile : |
| Name of publisher, distributor, etc. | El esfuerzo, |
| Date of publication, distribution, etc. | [1990] |
| 300 ## - PHYSICAL DESCRIPTION | |
| Extent | 582 páginas ; |
| Dimensions | 24 cm. |
| 505 0# - FORMATTED CONTENTS NOTE | |
| Formatted contents note | Teoría de las obligaciones |
| 650 14 - SUBJECT ADDED ENTRY--TOPICAL TERM | |
| Topical term or geographic name entry element | Obligaciones (Ley) |
| 9 (RLIN) | 14117 |
| 650 24 - SUBJECT ADDED ENTRY--TOPICAL TERM | |
| Topical term or geographic name entry element | Derecho civil |
| 9 (RLIN) | 14118 |
| 942 ## - ADDED ENTRY ELEMENTS (KOHA) | |
| Source of classification or shelving scheme | Dewey Decimal Classification |
| Koha item type | Books |
| Withdrawn status | Lost status | Source of classification or shelving scheme | Damaged status | Not for loan | Home library | Current library | Shelving location | Date acquired | Source of acquisition | Total Checkouts | Full call number | Barcode | Date last seen | Copy number | Price effective from | Koha item type |
|---|---|---|---|---|---|---|---|---|---|---|---|---|---|---|---|---|
| Dewey Decimal Classification | Biblioteca Pública José María del Castillo y Rada | Biblioteca Pública José María del Castillo y Rada | General Stacks | 02/25/2021 | Donación | 346 / A371d | 201810657 | 05/16/2024 | Ej.1 | 02/25/2021 | Books |